01413cam a22003617a 4500003000500000005001700005008004100022010001000063011001000073035001100083040000900094090001000103100003300113245013500146260004300281300002200324502011200346590003700458590004100495590004100536590004100577590004100618590004200659650004700701650003200748650003200780901000700812905002600819942001000845949005100855999001700906952012800923CHAP20220329142838.0040810d2003 mx r 00110 spa d a88630 a89602 a100153 cCHAP aTesis00aRamírez, Ma. Elena.99436010aComportamiento de la germinación a diferentes temperaturas en variedades de amaranto (Amaranthus spp.)c/por Ma. Elena Ramírez aMontecillo, Méx. :bEl autor,c2003. a85 h. ;bgráfs. aTesis (M.C.) -- CP. Instituto de Recursos Genéticos y Productividad. Programa en Producción de Semillas aALEPHb10c20130110lUCH01h1459 aBATCH-UPDb10c20130110lUCH01h0435 aBATCH-UPDb10c20130110lUCH01h2312 aBATCH-UPDb10c20130410lUCH01h0111 aBATCH-UPDb10c20130914lUCH01h0304 aCONVERSIONb10c20130109lUCH01h134914aAmarantoxEfecto del medio ambiente.9511814aAmarantoxGerminados.9512714aAmarantoxVariedades.95146 aBK aAlejandra Carrasco M. cTESIS aTesisbBCcTESd1001531eTS1h42273i100153sb c88630d88630 00102local4051708TESISaBCbBCcPA_TESISd2019-12-31fTESISl0oTesisp1001531r2019-12-31 00:00:00w2019-12-31yTESIS